000 00475nam a2200193Ia 4500
005 20250129005730.0
008 240331s9999 xx 000 0 und d
020 _a0822364646
082 _bMUD
_24331
_a304.8
245 0 _aDiaspora and Immigration
260 _aDurham
_bDuke University Press
_c1999
300 _av, 334 p.,
650 _aImmigration
650 _aDiaspora
650 _aHistory
700 _aMudimbe, V. Y
_eedt
700 _aEngel, S
_eedt
942 _cL
999 _c1415
_d1415